000 00828cam a2200265 a 4500
001 16059420
005 20180214090149.0
008 100119s2011 at ab b 001 0 eng
010 _a 2010920875
020 _a9781439049624
020 _a1439049629
040 _aDLC
_cDLC
_dDLC
041 _aeng
042 _apcc
080 _a612.39 SAR
082 _2612.39 SAR
100 _a9
101 _aNUT
245 0 0 _aNutrition therapy and pathophysiology /
_cMarcia N. Nelms ... [et al.].
504 _aIncludes bibliographical references and index.
906 _a7
_bcbc
_corigcop
_d3
_eepcn
_f20
_gy-gencatlg
942 _2ddc
_cBK
999 _c42535
_d42535